|
|
|
|
| LEADER |
00000nam0a2200000 4500 |
| 001 |
276779 |
| 005 |
20231101234943.0 |
| 020 |
|
|
|a RU
|b 86-38769
|
| 035 |
|
|
|a (RuTPU)RU\TPU\book\300052
|
| 090 |
|
|
|a 276779
|
| 100 |
|
|
|a 20141126d1986 k y0rusy5003 ca
|
| 101 |
0 |
|
|a rus
|
| 102 |
|
|
|a LV
|
| 105 |
|
|
|a y z 100zy
|
| 200 |
1 |
|
|a Методы расчета изделий из высокоэластичных материалов
|e тезисы докладов IV научно-технической конференции, Рига, 4-6 февраля 1986 г.
|f Рижский политехнический институт ; Научно-исследовательский институт резиновой промышленности (НИИРП) ; отв. ред. В. В. Губанов
|
| 210 |
|
|
|a Рига
|c Изд-во РПИ
|d 1986
|
| 215 |
|
|
|a 180 с.
|
| 606 |
1 |
|
|a Резиновые изделия технические
|x Конструкции и расчет
|2 stltpush
|3 (RuTPU)RU\TPU\subj\24677
|9 48978
|
| 610 |
1 |
|
|a высокоэластичные материалы
|
| 610 |
1 |
|
|a термовязкоупругость
|
| 610 |
1 |
|
|a нелинейная теория
|
| 610 |
1 |
|
|a нелинейные задачи
|
| 610 |
1 |
|
|a решение
|
| 610 |
1 |
|
|a конференции
|
| 610 |
1 |
|
|a тезисы докладов
|
| 675 |
|
|
|a 678.4.06(063)
|v 3
|
| 702 |
|
1 |
|a Губанов
|b В. В.
|4 340
|
| 712 |
0 |
2 |
|a Рижский политехнический институт
|2 stltpush
|3 (RuTPU)RU\TPU\col\7561
|9 24345
|
| 712 |
0 |
2 |
|a Научно-исследовательский институт резиновой промышленности (НИИРП)
|c (Сергиев Посад)
|2 stltpush
|3 (RuTPU)RU\TPU\col\16710
|
| 712 |
1 |
2 |
|a Методы расчета изделий из высокоэластичных материалов
|c научно-техническая конференция
|d 4
|e Рига
|f 1986
|
| 801 |
|
0 |
|a RU
|b RuMRKP
|c 19950704
|g psbo
|
| 801 |
|
1 |
|a RU
|b 63413507
|c 20141126
|
| 801 |
|
2 |
|a RU
|b 63413507
|c 20160111
|g RCR
|
| 942 |
|
|
|c BK
|